| 000 | 01078cam a2200229 4500 | ||
|---|---|---|---|
| 001 | WB3824-08 | ||
| 008 | 020702n2002 000 0 eng u | ||
| 035 | _a(Sirsi) u118632 | ||
| 245 | _aFall in out-of-town plans | ||
| 260 | _c2002 | ||
| 490 |
_aPlanning (for the Natural and Built Environment) _v(1475) 28 June 2002, 2(1) |
||
| 520 | _aA report by Colliers CRE has found that proposals for out-of-town shopping centres are dropping as retailers struggle to get planning consent. "The Midsummer Retail Report 2002" suggests that PPG6 has succeeded in encouraging development in town centres, but argues that proposed planning reforms will hinder major retail schemes. Report available at http://www.collierscre.com/displaymarketreports.taf?ofcid=LON001&scope=local | ||
| 590 | _aWB | ||
| 650 | _aCOLLIERS CRE | ||
| 650 | _aOUT-OF-TOWN SHOPPING CENTRES | ||
| 650 | _aPLANNING POLICY GUIDANCE NOTE SIX | ||
| 650 | _aRETAIL SCHEMES | ||
| 650 | _aTOWN CENTRES | ||
| 650 | _aPLANNING CONSENT | ||
| 690 | _aPROPERTY-COMMERCIAL PROPERTY-RETAIL PROPERTY | ||
| 942 | _n0 | ||
| 999 |
_c70646 _d70646 |
||